| 000 | 00688nam a2200217 4500 | ||
|---|---|---|---|
| 003 | OSt | ||
| 005 | 20240731013618.0 | ||
| 006 | a | ||
| 008 | 240731b |||||||| |||| 00| 0 eng d | ||
| 020 | _a9780415998574 | ||
| 040 |
_aDWCL-Main lib. _cOC |
||
| 082 | _aCirc. 371.713 C641 2010 | ||
| 110 | _aMaxine Ficksman | ||
| 245 | _aClinical practice of educational theraphy : a teaching model / | ||
| 260 |
_aN.Y. : _bRoutledge, _cc2010. |
||
| 300 |
_axiii, _b362 p. : ill. ; _c25 cm. |
||
| 504 | _aIncludes bibliographical references & index. | ||
| 650 | _a1. Educational Psychology. | ||
| 650 | _a2. Educational psychologists-In-Service training. | ||
| 942 |
_2ddc _n0 _cBK-CIRC _kCirc. |
||
| 999 |
_c2994 _d2994 |
||